Cognitive processes in children's learning : practical applications in educational, practice and classroom management

Αποθηκεύτηκε σε:
Λεπτομέρειες βιβλιογραφικής εγγραφής
Κύριος συγγραφέας: Fry, Prem S.
Άλλοι συγγραφείς: Lupart, Judy Lee
Μορφή: Βιβλίο
Γλώσσα:English
Δημοσίευση: Springfield : Charles C. Thomas, 1987
Θέματα:
Ετικέτες: Προσθήκη ετικέτας
Δεν υπάρχουν, Καταχωρήστε ετικέτα πρώτοι!

MARC

LEADER 00000nam a2200000 i 4500
001 1/96770
008 941207s1987 eng d
020 |a 0-398-05270-0 
035 |l 10010308 
040 |a GR-MY-UA  |b gre  |e aacr 
041 0 |a eng 
082 0 |a 155.424 
100 1 |a Fry, Prem S. 
245 1 0 |a Cognitive processes in children's learning :  |b practical applications in educational, practice and classroom management /  |c Prem S. Fry and Judy Lee Lupart 
260 |a Springfield :   |b Charles C. Thomas,   |c 1987 
300 |a 256 p.  |b fig. 
504 |a Includes bibliographical references and index. 
650 0 0 |a Cognition in children. 
650 0 0 |a Learning, Psychology of. 
700 1 |a Lupart, Judy Lee. 
852 |a INST  |b LESVOS  |e 19941207  |h 155.424 FRY  |p 005100003257  |q 005100003257  |t BK  |y 0 
909 |a Λ  |b 037027